|
|
|
|
| LEADER |
00000cam a2200000 7i4500 |
| 001 |
0000002957 |
| 005 |
20071112093000.0 |
| 008 |
021118n |
| 090 |
0 |
0 |
|a JQ719.A8
|b U48
|
| 245 |
0 |
0 |
|a UMNO teras politik, Melayu teras negara
|c diselenggarakan oleh Zulkifli Mohd Nasir dan A. Karim Hj. Abdullah
|
| 260 |
2 |
|
|a Kuala Lumpur :
|b Buku Raya Media ,
|c 1992
|
| 300 |
|
|
|a vii, 246 ms. ; ;
|c 22 sm.
|
| 610 |
0 |
0 |
|a United Malays National Organisation
|
| 651 |
|
0 |
|a Malaysia
|x Politics and government
|
| 700 |
0 |
|
|a A. Karim Hj. Abdullah ,
|e author
|
| 700 |
0 |
|
|a Zulkifli Mohd Nasir ,
|e author
|
| 999 |
|
|
|a 1000021029
|b Book
|c OPEN SHELF (30 DAYS)
|e Gong Badak Campus
|
| 999 |
|
|
|a 1000021030
|b Book
|c OPEN SHELF (30 DAYS)
|e Gong Badak Campus
|
| 999 |
|
|
|a 1000021031
|b Book
|c OPEN SHELF (30 DAYS)
|e Gong Badak Campus
|